| 000 | 01604cam a2200373 a 4500 | ||
|---|---|---|---|
| 001 | 12028589 | ||
| 003 | EG-ScBUE | ||
| 005 | 20220208130725.0 | ||
| 008 | 000602t2002 enka f 000 1 eng d | ||
| 020 | _a0571209874 | ||
| 020 | _a9780571209873 | ||
| 040 |
_aDLC _beng _erda _cDLC _dDLC _dEG-ScBUE |
||
| 043 | _au-at--- | ||
| 082 | 0 | 4 |
_a823.914 _222 _bCAR |
| 100 | 1 |
_aCarey, Peter, _d1943- _eauthor. _924712 |
|
| 245 | 1 | 0 |
_aTrue history of the Kelly Gang / _cPeter Carey. |
| 264 | 1 |
_aLondon : _bFaber and Faber, _c2002. |
|
| 300 |
_a421 pages : _billustrations ; _c25 cm |
||
| 336 |
_2rdacontent _atext _btxt |
||
| 337 |
_2rdamedia _aunmediated _bn |
||
| 338 |
_2rdacarrier _avolume _bnc |
||
| 500 | _aOriginally published: Brisbane : University of Queensland Press, 2000. | ||
| 586 | _aThe Man Booker Prize, 2001. | ||
| 600 | 1 | 7 |
_aKelly, Ned, _d1855-1880 _vFiction. _2BUEsh _924713 |
| 650 | 7 |
_aBushrangers _vFiction. _924714 _2BUEsh |
|
| 651 | 7 |
_aAustralia _vFiction. _924715 _2BUEsh |
|
| 653 |
_cJune2011 _bHHUUEENN |
||
| 655 |
_vReading book _934232 |
||
| 856 | 4 | 2 |
_3Contributor biographical information _uhttp://www.loc.gov/catdir/bios/random052/00042853.html |
| 856 | 4 | 1 |
_3Sample text _uhttp://www.loc.gov/catdir/samples/random042/00042853.html |
| 856 | 4 | 2 |
_3Publisher description _uhttp://www.loc.gov/catdir/description/random044/00042853.html |
| 942 |
_2ddc _cBB |
||
| 999 |
_c15546 _d15546 |
||